№ 11-12; Порошковая металлургия

التفاصيل البيبلوغرافية
Parent link:Порошковая металлургия: международный научно-технический журнал/ Национальная академия наук Украины (НАН), Институт проблем материаловедения им И. Н. Францевича (ИПМ). № 11-12.— , 1969-2017, 2019-
اللغة:الروسية
منشور في: 2019
التنسيق: MixedMaterials كتاب
KOHA link:https://koha.lib.tpu.ru/cgi-bin/koha/opac-detail.pl?biblionumber=585277

MARC

LEADER 00000nam2a2200000 4500
001 585277
005 20231101131242.0
035 |a (RuTPU)RU\TPU\prd\287677 
090 |a 585277 
100 |a 20200407a19619999k y0rusy50 ca 
101 0 |a rus  |e ukr 
102 |a UA 
200 0 |a № 11-12 
210 |d 2019 
461 1 |0 (RuTPU)RU\TPU\prd\297  |t Порошковая металлургия  |o международный научно-технический журнал  |f Национальная академия наук Украины (НАН), Институт проблем материаловедения им И. Н. Францевича (ИПМ)  |v № 11-12  |d 1969-2017, 2019- 
801 0 |a RU  |b 63413507  |c 20010227  |g PSBO 
801 1 |a RU  |b 63413507  |c 20200407 
801 2 |a RU  |b 63413507  |c 20210202  |g RCR 
942 |c BK 
999 |a НТБ_ТПУ  |b НФ  |e -1/20200109  |p П-7955  |s 1/20190819  |u 0,00  |v 1